[Event "Criciuma op-A"]
[Site "Criciuma"]
[Date "2024.01.17"]
[Round "8"]
[White "Borges, Guilherme Deola"]
[Black "Bitencourt, Evandro Jose dos S"]
[Result "1-0"]
[WhiteElo "2142"]
[BlackElo "1863"]
[PlyCount "66"]
[EventDate "2024.01.12"]
[EventType "swiss"]
[EventRounds "9"]
[EventCountry "BRA"]
[SourceTitle "CB04_2024"]
[SourceDate "2023.10.16"]
[SourceVersion "1"]
[SourceVersionDate "2023.10.16"]
[SourceQuality "1"]

1. e4 c5 2. Nf3 e6 3. b4 cxb4 4. d4 Nf6 5. Bd3 Be7 6. a3 d5 7. e5 Ne4 8. 0-0 Nc6 9. Re1 Nc3 10. Qd2 Nxb1 11. Rxb1 bxa3 12. c3 Qa5 13. h4 Qa4 14. h5 h6 15. Qf4 Bd7 16. Nd2 Na5 17. Qg4 Bf8 18. Ra1 a2 19. f4 Rc8 20. Bb2 Nc4 21. Nxc4 dxc4 22. Be4 Qb3 23. Re2 a5 24. f5 a4 25. Rf1 a3 26. Ba1 Ra8 27. Qf3 Ra5 28. fxe6 fxe6 29. Bxb7 Qb6 30. Be4 Kd8 31. Qe3 Rb5 32. Rxa2 Rb3 33. Raf2 Be7 1-0

[Event "Criciuma op-A"]
[Site "Criciuma"]
[Date "2024.01.12"]
[Round "1"]
[White "Cardoso, Lucas Emanuel Alves"]
[Black "Borges, Guilherme Deola"]
[Result "0-1"]
[WhiteElo "1710"]
[BlackElo "2142"]
[PlyCount "84"]
[EventDate "2024.01.12"]
[EventType "swiss"]
[EventRounds "9"]
[EventCountry "BRA"]
[SourceTitle "CB04_2024"]
[SourceDate "2023.10.16"]
[SourceVersion "1"]
[SourceVersionDate "2023.10.16"]
[SourceQuality "1"]

1. e4 c5 2. Nf3 e6 3. d4 cxd4 4. Nxd4 Nc6 5. Nxc6 bxc6 6. c4 Nf6 7. Nc3 Bb4 8. Bd3 e5 9. 0-0 d6 10. Kh1 0-0 11. f4 Ng4 12. Qf3 exf4 13. Bxf4 Ne5 14. Qg3 Bxc3 15. bxc3 c5 16. Rad1 f6 17. Be2 Qe7 18. Bxe5 dxe5 19. Bg4 Bxg4 20. Qxg4 Rfd8 21. Rd5 Rxd5 22. cxd5 Rb8 23. h3 Rb6 24. Rd1 Qc7 25. h4 g6 26. h5 g5 27. Qf3 c4 28. Qg4 Kg7 29. Qf5 Qf7 30. Qh3 Qe7 31. h6+ Kg6 32. Kh2 Qf8 33. Qf5+ Kxh6 34. Kg3 Kg7 35. Rh1 h6 36. Qh3 f5 37. Rd1 fxe4 38. Qd7+ Qf7 39. Qxf7+ Kxf7 40. Kf2 Ke7 41. Rd2 Rb1 42. d6+ Kd7 0-1

[Event "Gijon op 1st"]
[Site "Gijon"]
[Date "2023.06.27"]
[Round "3"]
[White "Borges, Guilherme Deola"]
[Black "Panelo Munoz, Marcelo A"]
[Result "0-1"]
[WhiteElo "2137"]
[BlackElo "2366"]
[PlyCount "54"]
[EventDate "2023.06.26"]
[EventType "swiss"]
[EventRounds "9"]
[EventCountry "ESP"]
[SourceTitle "EXT 2024"]
[Source "ChessBase"]
[SourceDate "2023.10.10"]
[SourceVersion "1"]
[SourceVersionDate "2023.10.10"]
[SourceQuality "1"]

1. e4 c5 2. c3 d5 3. exd5 Qxd5 4. d4 Nc6 5. Nf3 Bf5 6. Be3 Nf6 7. Na3 cxd4 8. Nb5 Rc8 9. Nbxd4 Nxd4 10. Nxd4 Bd7 11. Qb3 e5 12. Nf3 e4 13. Nd2 Qf5 14. Bc4 Ng4 15. 0-0-0 Be7 16. Bxa7 0-0 17. Qxb7 Bg5 18. Bd5 Rfe8 19. Rhf1 Ba4 20. Bb3 Bxb3 21. Qxb3 Ne5 22. Be3 Nd3+ 23. Kb1 Rb8 24. Qc2 Rxb2+ 25. Qxb2 Nxb2 26. Kxb2 Bxe3 27. fxe3 Qb5+ 0-1

[Event "Lisbon Portugal rapid op"]
[Site "Lisbon"]
[Date "2022.09.03"]
[Round "4"]
[White "Borges, Guilherme Deola"]
[Black "Corte Real, Carlos Alberto Mor"]
[Result "1-0"]
[WhiteElo "2157"]
[BlackElo "1577"]
[PlyCount "81"]
[EventDate "2022.09.03"]
[EventType "swiss (rapid)"]
[EventRounds "11"]
[EventCountry "POR"]
[SourceTitle "CBM 210 Extra"]
[Source "ChessBase"]
[SourceDate "2022.11.30"]
[SourceVersion "1"]
[SourceVersionDate "2022.11.30"]
[SourceQuality "1"]

1. d4 Nf6 2. c4 e5 3. dxe5 Ng4 4. Bf4 Nc6 5. e3 Bb4+ 6. Nd2 Ngxe5 7. Be2 0-0 8. Ngf3 d6 9. a3 Bxd2+ 10. Qxd2 Be6 11. Qc2 Qd7 12. 0-0 Bf5 13. Qc3 Rfe8 14. Rfd1 Qe7 15. b4 Ng6 16. Bg3 Rad8 17. c5 dxc5 18. bxc5 h5 19. h3 h4 20. Bh2 Nce5 21. Rxd8 Nxf3+ 22. Bxf3 Rxd8 23. Rd1 Rxd1+ 24. Bxd1 c6 25. Bb3 Qe4 26. Bd6 Ne7 27. Bxe7 Qxe7 28. Qd4 Qd7 29. Qxh4 Qd3 30. Bc4 Qxa3 31. Qd8+ Kh7 32. Bxf7 Qa1+ 33. Kh2 Qf6 34. Qg8+ Kh6 35. Qh8+ Bh7 36. Bg8 Qg6 37. g4 Qe4 38. g5+ Kxg5 39. Qxh7 g6 40. f4+ Kf5 41. Qf7# 1-0

[Event "Mirandela op 3rd"]
[Site "Mirandela"]
[Date "2022.08.20"]
[Round "5"]
[White "Gemy Vargas, Jose Daniel"]
[Black "Borges, Guilherme Deola"]
[Result "1/2-1/2"]
[WhiteElo "2367"]
[BlackElo "2193"]
[PlyCount "127"]
[EventDate "2022.08.17"]
[EventType "swiss"]
[EventRounds "9"]
[EventCountry "POR"]
[SourceTitle "CBM 209 Extra"]
[Source "ChessBase"]
[SourceDate "2022.09.30"]
[SourceVersion "1"]
[SourceVersionDate "2022.09.30"]
[SourceQuality "1"]

1. e4 c5 2. Nf3 e6 3. d4 cxd4 4. Nxd4 Nc6 5. Nc3 Qc7 6. g3 a6 7. Bg2 Nf6 8. 0-0 Nxd4 9. Qxd4 Bc5 10. Qd3 Ng4 11. Qe2 h5 12. Bf4 d6 13. Rad1 Bd7 14. h3 Ne5 15. Rfe1 b5 16. Be3 b4 17. Bxc5 Qxc5 18. Nb1 Bb5 19. Qd2 Nc4 20. Qc1 Rc8 21. b3 Ne5 22. a4 Bd7 23. Qd2 Rc6 24. Rc1 h4 25. g4 0-0 26. Re3 Ng6 27. Rd3 e5 28. Rd5 Qb6 29. Rd1 Be6 30. Rxd6 Rxd6 31. Qxd6 Qxd6 32. Rxd6 Rc8 33. Bf1 Rxc2 34. Nd2 a5 35. Bc4 Bxc4 36. Nxc4 Nf4 37. Rd8+ Kh7 38. Rd2 Nxh3+ 39. Kf1 Rxd2 40. Nxd2 Ng5 41. f3 Ne6 42. Nc4 Nd4 43. Nxa5 f6 44. g5 Kg6 45. gxf6 gxf6 46. Kg2 Kg5 47. Kf2 Kh5 48. Kg2 Kg6 49. Kf1 Nxf3 50. Nc4 Nd4 51. a5 Nc6 52. a6 Kg5 53. Nd6 Kf4 54. Kg2 Ke3 55. Kh3 Kd3 56. Ne8 Kxe4 57. Nxf6+ Kd4 58. Kxh4 Kc3 59. Kg4 Kxb3 60. Nd5 Kc4 61. Nxb4 Kxb4 62. Kf5 Kc5 63. a7 Nxa7 64. Kxe5 1/2-1/2

[Event "Mirandela op 3rd"]
[Site "Mirandela"]
[Date "2022.08.18"]
[Round "3"]
[White "Kosakowski, Jakub"]
[Black "Borges, Guilherme Deola"]
[Result "1-0"]
[WhiteElo "2432"]
[BlackElo "2193"]
[PlyCount "123"]
[EventDate "2022.08.17"]
[EventType "swiss"]
[EventRounds "9"]
[EventCountry "POR"]
[SourceTitle "CBM 209 Extra"]
[Source "ChessBase"]
[SourceDate "2022.09.30"]
[SourceVersion "1"]
[SourceVersionDate "2022.09.30"]
[SourceQuality "1"]

1. e4 c5 2. Nf3 e6 3. d4 cxd4 4. Nxd4 Nc6 5. Nc3 Qc7 6. Be3 a6 7. Qf3 Nf6 8. 0-0-0 Rb8 9. Be2 Bb4 10. Nxc6 bxc6 11. Bd4 Bd6 12. g3 c5 13. Bxf6 gxf6 14. Qxf6 Be5 15. Qg5 d6 16. f4 h6 17. Qg4 Bd4 18. Rxd4 cxd4 19. Qg7 Rf8 20. Qxd4 Qb6 21. Qa4+ Ke7 22. Qa3 Qb4 23. Qxb4 Rxb4 24. Rd1 Rb6 25. Na4 Rb4 26. Nc3 Rb6 27. Rd4 Bd7 28. Na4 Bxa4 29. Rxa4 Rfb8 30. b3 Rb4 31. Rxa6 Rxe4 32. Ra7+ Kf6 33. Bh5 Rf8 34. a4 e5 35. fxe5+ Rxe5 36. g4 Re7 37. Ra6 Ke5 38. Kd2 f5 39. Ra5+ d5 40. c4 fxg4 41. Rxd5+ Kf4 42. Rd4+ Re4 43. Rxe4+ Kxe4 44. Bxg4 Kd4 45. Be2 Rb8 46. Bd1 Rg8 47. Bf3 Rf8 48. Be2 Rb8 49. Kc2 Re8 50. Bg4 Rf8 51. Be2 Rf2 52. Kd2 Rxh2 53. a5 Rh3 54. Kc2 Kc5 55. a6 Re3 56. Bd3 Kb6 57. c5+ Ka7 58. b4 h5 59. b5 h4 60. b6+ Ka8 61. c6 Re5 62. c7 1-0

[Event "Famalicao op 9th"]
[Site "Vila Nova de Famalicao"]
[Date "2022.07.28"]
[Round "7"]
[White "Borges, Guilherme Deola"]
[Black "Perez Estevez, Sergio"]
[Result "1-0"]
[WhiteElo "2185"]
[BlackElo "1765"]
[PlyCount "31"]
[EventDate "2022.07.25"]
[EventType "swiss"]
[EventRounds "9"]
[EventCountry "POR"]
[SourceTitle "CBM 209 Extra"]
[Source "ChessBase"]
[SourceDate "2022.09.30"]
[SourceVersion "1"]
[SourceVersionDate "2022.09.30"]
[SourceQuality "1"]

1. d4 d5 2. c4 dxc4 3. Nf3 Nf6 4. e3 b5 5. a4 c6 6. b3 e6 7. bxc4 bxc4 8. Bxc4 Bb4+ 9. Bd2 Bxd2+ 10. Nbxd2 0-0 11. 0-0 Nbd7 12. Ne5 Bb7 13. f4 c5 14. f5 Nxe5 15. dxe5 Nd5 16. Ra3 1-0

[Event "Teplice op 15th"]
[Site "Teplice"]
[Date "2022.06.22"]
[Round "5"]
[White "Das, Arghyadip"]
[Black "Borges, Guilherme Deola"]
[Result "1-0"]
[WhiteElo "2472"]
[BlackElo "2221"]
[PlyCount "55"]
[EventDate "2022.06.18"]
[EventType "swiss"]
[EventRounds "9"]
[EventCountry "CZE"]
[SourceTitle "CBM 209 Extra"]
[Source "ChessBase"]
[SourceDate "2022.09.30"]
[SourceVersion "1"]
[SourceVersionDate "2022.09.30"]
[SourceQuality "1"]

1. Nf3 Nf6 2. g3 g6 3. Bg2 Bg7 4. 0-0 0-0 5. d4 d6 6. b3 a5 7. a4 c6 8. Bb2 d5 9. Nbd2 Bf5 10. Nh4 Be6 11. e3 Qd7 12. Re1 Bh3 13. Bh1 Na6 14. Ndf3 Ne4 15. Ne5 Qe6 16. f3 Nd6 17. e4 dxe4 18. fxe4 Bxe5 19. dxe5 Ne8 20. Qd2 Nb4 21. Nf3 f6 22. exf6 exf6 23. e5 Qf5 24. Nd4 Qg5 25. Qc3 Nc7 26. Nf3 Qf5 27. exf6 Ncd5 28. f7+ 1-0

[Event "Titled Tuesday intern op 17th May Early"]
[Site "Chess.com INT"]
[Date "2022.05.17"]
[Round "2"]
[White "Borges, Guilherme Deola"]
[Black "Shuvalov, Evgenij"]
[Result "0-1"]
[WhiteElo "2224"]
[BlackElo "2182"]
[PlyCount "44"]
[EventDate "2022.05.17"]
[EventType "swiss (blitz)"]
[EventRounds "11"]
[EventCountry "USA"]
[SourceTitle "CBM 208 Extra"]
[Source "ChessBase"]
[SourceDate "2022.07.31"]
[SourceVersion "1"]
[SourceVersionDate "2022.07.31"]
[SourceQuality "1"]

1. Nf3 d5 2. b3 Nf6 3. Bb2 Bf5 4. e3 e6 5. c4 c6 6. d3 h6 7. Nbd2 Nbd7 8. Be2 Bd6 9. 0-0 0-0 10. Rc1 Qe7 11. Rc2 e5 12. cxd5 cxd5 13. Qa1 a5 14. a3 Rfe8 15. Rfc1 Bh7 16. h3 Qf8 17. Ne1 e4 18. dxe4 Nxe4 19. Nxe4 Bxe4 20. Bd3 f5 21. Rd2 Nc5 22. b4 Nb3 0-1

[Event "Gijon"]
[Site "Gijon"]
[Date "2021.08.05"]
[Round "7"]
[White "Borges, Guilherme Deola"]
[Black "Suarez Garcia, Carlos"]
[Result "0-1"]
[WhiteElo "2130"]
[BlackElo "2454"]
[PlyCount "96"]
[EventDate "2021.08.01"]
[EventType "tourn"]
[EventRounds "9"]
[EventCountry "ESP"]
[EventCategory "3"]
[SourceTitle "EXT 2022"]
[Source "ChessBase"]
[SourceDate "2021.10.06"]
[SourceVersion "1"]
[SourceVersionDate "2021.10.06"]
[SourceQuality "1"]

1. d4 d6 2. c4 e5 3. Nf3 e4 4. Ng5 Nf6 5. Nc3 Qe7 6. Qc2 Bf5 7. g4 Bxg4 8. Bg2 Nc6 9. d5 Nd4 10. Qa4+ Bd7 11. Qd1 Nf5 12. Ngxe4 Nxe4 13. Bxe4 g6 14. Bxf5 Bxf5 15. Qd4 Qe5 16. Qxe5+ dxe5 17. f3 f6 18. e4 Bd7 19. Be3 b6 20. Rc1 Bd6 21. 0-0 0-0 22. Nd1 f5 23. c5 bxc5 24. Bxc5 f4 25. Nf2 Bb5 26. Rfe1 Rfc8 27. Rc3 Kf7 28. Rec1 Bd7 29. Nd3 a5 30. b3 Ke8 31. Nb2 Ke7 32. Bxd6+ cxd6 33. Rxc8 Bxc8 34. Rc7+ Bd7 35. Nc4 Kd8 36. Rb7 Ra6 37. Rb8+ Kc7 38. Rh8 a4 39. b4 a3 40. Na5 Rb6 41. Ra8 Rxb4 42. Nb3 Ba4 43. Na5 Rb1+ 44. Kg2 Rb2+ 45. Kh3 h6 46. Nc6 Bxc6 47. dxc6 Rxa2 48. Ra6 h5 0-1

[Event "Gijon"]
[Site "Gijon"]
[Date "2021.08.04"]
[Round "5"]
[White "Panelo Munoz, Marcelo A"]
[Black "Borges, Guilherme Deola"]
[Result "1-0"]
[WhiteElo "2388"]
[BlackElo "2130"]
[PlyCount "43"]
[EventDate "2021.08.01"]
[EventType "tourn"]
[EventRounds "9"]
[EventCountry "ESP"]
[EventCategory "3"]
[SourceTitle "EXT 2022"]
[Source "ChessBase"]
[SourceDate "2021.10.06"]
[SourceVersion "1"]
[SourceVersionDate "2021.10.06"]
[SourceQuality "1"]

1. e4 c5 2. Nc3 e6 3. Nge2 Nc6 4. g3 Nf6 5. Bg2 a6 6. 0-0 d6 7. h3 Be7 8. d3 h5 9. Be3 e5 10. Nd5 Nxd5 11. exd5 Nd4 12. c3 Nf5 13. Bd2 Bf6 14. f4 g5 15. fxe5 Bxe5 16. Qa4+ Kf8 17. Qe4 Ng7 18. Qg6 Bf5 19. Rxf5 Nxf5 20. Qxf5 Rg8 21. Rf1 Qe7 22. Bf3 1-0

[Event "Gijon"]
[Site "Gijon"]
[Date "2021.08.03"]
[Round "4"]
[White "Borges, Guilherme Deola"]
[Black "Fier, Alexandr"]
[Result "0-1"]
[WhiteElo "2130"]
[BlackElo "2558"]
[PlyCount "100"]
[EventDate "2021.08.01"]
[EventType "tourn"]
[EventRounds "9"]
[EventCountry "ESP"]
[EventCategory "3"]
[SourceTitle "EXT 2022"]
[Source "ChessBase"]
[SourceDate "2021.10.06"]
[SourceVersion "1"]
[SourceVersionDate "2021.10.06"]
[SourceQuality "1"]

1. d4 e6 2. Nf3 c5 3. e3 Nf6 4. Bd3 d5 5. b3 Nc6 6. 0-0 cxd4 7. exd4 Bd6 8. Bb2 0-0 9. a3 b6 10. Nbd2 Bb7 11. Qe2 Rc8 12. Ne5 Ne7 13. f4 Qc7 14. Rf3 Ng6 15. Raf1 Ne4 16. Rh3 f5 17. Nxe4 fxe4 18. Qh5 h6 19. Qxg6 Rf6 20. Qg3 exd3 21. cxd3 Qc2 22. Ng4 Qxb2 23. Nxf6+ Kf7 24. Ng4 Qxd4+ 25. Kh1 Rf8 26. Qf2 Qxf2 27. Nxf2 Ke7 28. Ng4 d4 29. Kg1 Bxf4 30. Rh5 g6 31. Rxf4 Rxf4 32. Rxh6 Bxg2 33. Ne5 Kf6 34. Kxg2 Kxe5 35. Rh7 Rf8 36. Rxa7 Rc8 37. Rb7 Rc3 38. Rxb6 Rxd3 39. a4 Rd2+ 40. Kf3 Kf5 41. a5 e5 42. a6 Ra2 43. b4 e4+ 44. Kg3 Ra3+ 45. Kf2 Ra2+ 46. Kg3 d3 47. Rb5+ Ke6 48. Ra5 d2 49. a7 d1Q 50. Rxa2 Qb3+ 0-1

[Event "Famalicao op 8th"]
[Site "Vila Nova de Famalicao"]
[Date "2021.07.30"]
[Round "8"]
[White "Santos, Jose Guilherme B Li"]
[Black "Borges, Guilherme Deola"]
[Result "1-0"]
[WhiteElo "2309"]
[BlackElo "2155"]
[PlyCount "81"]
[EventDate "2021.07.26"]
[EventType "swiss"]
[EventRounds "9"]
[EventCountry "POR"]
[SourceTitle "CBM 203 Extra"]
[Source "ChessBase"]
[SourceDate "2021.09.30"]
[SourceVersion "1"]
[SourceVersionDate "2021.09.30"]
[SourceQuality "1"]

1. e4 c5 2. Nf3 e6 3. d4 cxd4 4. Nxd4 Nc6 5. Nc3 Qc7 6. Be3 a6 7. Qd2 Nf6 8. 0-0-0 Be7 9. f3 0-0 10. g4 b5 11. Kb1 Bb7 12. g5 Nh5 13. Nce2 Nxd4 14. Bxd4 Rac8 15. Bh3 f5 16. exf5 exf5 17. Rhf1 g6 18. Bc3 b4 19. Bxb4 Bxb4 20. Qxb4 Qxc2+ 21. Ka1 Qxe2 22. Qxb7 Rfe8 23. Qd5+ Re6 24. Qxd7 Rc2 25. Qd8+ Re8 26. Qd5+ Qe6 27. Qxe6+ Rxe6 28. Rd8+ Kf7 29. Rfd1 Ree2 30. Bf1 Rxh2 31. Bxa6 Nf4 32. Bb5 Rc7 33. a4 h5 34. a5 Rhc2 35. a6 Rc1+ 36. Rxc1 Rxc1+ 37. Ka2 Rc7 38. Rd7+ Rxd7 39. Bxd7 Nd5 40. a7 Nb6 41. f4 1-0

[Event "POR-chT"]
[Site "Peniche"]
[Date "2021.07.25"]
[Round "9.3"]
[White "Borges, Guilherme Deola"]
[Black "Korneev, Oleg"]
[Result "0-1"]
[WhiteElo "2155"]
[BlackElo "2538"]
[PlyCount "90"]
[EventDate "2021.07.19"]
[EventType "team-tourn"]
[EventRounds "9"]
[EventCountry "POR"]
[SourceTitle "CBM 203 Extra"]
[Source "ChessBase"]
[SourceDate "2021.09.30"]
[SourceVersion "1"]
[SourceVersionDate "2021.09.30"]
[SourceQuality "1"]
[WhiteTeam "Dias Ferreira"]
[BlackTeam "Gaia"]
[WhiteTeamCountry "POR"]
[BlackTeamCountry "POR"]

1. d4 d5 2. c4 dxc4 3. Nf3 a6 4. e3 Nf6 5. a4 Bg4 6. Bxc4 e6 7. h3 Bh5 8. 0-0 Nc6 9. Nc3 Bd6 10. Be2 0-0 11. b3 Qe7 12. Bb2 Rad8 13. Nd2 Bxe2 14. Qxe2 e5 15. d5 Nb4 16. Nde4 Nxe4 17. Nxe4 Nxd5 18. Nxd6 cxd6 19. Rfd1 Nf6 20. e4 Qe6 21. Rd3 Rd7 22. Rad1 h6 23. f4 exf4 24. Bxf6 Qxf6 25. Qg4 Re7 26. Rxd6 Qg5 27. Qf5 Rfe8 28. Rb6 Qg3 29. Rb4 Re5 30. Qg4 f5 31. Qxg3 fxg3 32. Rd3 f4 33. Rdd4 b5 34. Kf1 Rc8 35. axb5 axb5 36. Rd5 Rc1+ 37. Ke2 Rc2+ 38. Kf3 Rf2+ 39. Kg4 h5+ 40. Kh4 g5+ 41. Kxh5 Rxd5 42. exd5 Rxg2 43. Rd4 Kf7 44. Kxg5 Rf2 45. d6 g2 0-1

[Event "POR-chT"]
[Site "Peniche"]
[Date "2021.07.21"]
[Round "4.5"]
[White "Borges, Guilherme Deola"]
[Black "Monteiro, Paulo Alexandre G"]
[Result "1-0"]
[WhiteElo "2155"]
[BlackElo "2023"]
[PlyCount "89"]
[EventDate "2021.07.19"]
[EventType "team-tourn"]
[EventRounds "9"]
[EventCountry "POR"]
[SourceTitle "CBM 203 Extra"]
[Source "ChessBase"]
[SourceDate "2021.09.30"]
[SourceVersion "1"]
[SourceVersionDate "2021.09.30"]
[SourceQuality "1"]
[WhiteTeam "Dias Ferreira"]
[BlackTeam "Amanha da Crianca"]
[WhiteTeamCountry "POR"]
[BlackTeamCountry "POR"]

1. d4 Nf6 2. c4 g6 3. Nc3 Bg7 4. e4 d6 5. f3 0-0 6. Bg5 Nc6 7. Nge2 a6 8. Qd2 Rb8 9. d5 Ne5 10. Nd4 c5 11. Nc2 Ne8 12. Be2 Nc7 13. a4 f6 14. Bh6 Bxh6 15. Qxh6 Nf7 16. Qd2 Bd7 17. a5 b6 18. axb6 Rxb6 19. Ne3 Qb8 20. Ra2 Qb7 21. Bd1 Rb8 22. b3 Qc8 23. f4 Qf8 24. h4 Qh6 25. g3 Kh8 26. Qh2 Rg8 27. Rf2 Qg7 28. Bc2 f5 29. Ncd1 fxe4 30. g4 Rbb8 31. g5 h5 32. gxh6 Nxh6 33. Rg1 Qf7 34. Rg5 Be8 35. f5 gxf5 36. Nxf5 Qh7 37. Nxh6 Qxh6 38. Qf4 Bg6 39. h5 Rbf8 40. Qe3 Rxf2 41. Nxf2 Rf8 42. hxg6 Rf3 43. g7+ Qxg7 44. Qxe4 Qc3+ 45. Ke2 1-0

[Event "Titled Tuesday intern op 7th April"]
[Site "Chess.com INT"]
[Date "2020.04.07"]
[Round "7"]
[White "Borges, Guilherme Deola"]
[Black "Sergeev, Vitalij"]
[Result "1-0"]
[WhiteElo "2134"]
[BlackElo "2162"]
[PlyCount "91"]
[EventDate "2020.04.07"]
[EventType "swiss (blitz)"]
[EventRounds "10"]
[EventCountry "USA"]
[SourceTitle "EXT 2021"]
[Source "ChessBase"]
[SourceDate "2020.10.23"]
[SourceVersion "1"]
[SourceVersionDate "2020.10.23"]
[SourceQuality "1"]

1. c4 e5 2. Nc3 f5 3. e3 Nf6 4. Nge2 d6 5. d4 Be7 6. g3 0-0 7. Bg2 c5 8. dxe5 dxe5 9. 0-0 Be6 10. Bxb7 Nbd7 11. Bxa8 Qxa8 12. Nd5 Nxd5 13. cxd5 Bxd5 14. Nc3 Be6 15. Re1 Nb6 16. e4 fxe4 17. Rxe4 Nd5 18. Rxe5 Nxc3 19. bxc3 Bh3 20. Qd5+ Qxd5 21. Rxd5 Bf6 22. Bd2 c4 23. Re1 Rb8 24. Bf4 Rb2 25. Be5 Bxe5 26. Rdxe5 Rxa2 27. Rc5 Ra4 28. Rc7 h5 29. f4 Ra2 30. Rxc4 a5 31. Rc5 h4 32. Rce5 a4 33. R5e2 Ra3 34. Rc1 Bg4 35. Rb2 h3 36. Kf2 Kf7 37. Ke3 Be6 38. Kd4 Bb3 39. Kc5 Ke6 40. Kb4 Ra2 41. Rxa2 Bxa2 42. c4 Kd6 43. c5+ Kc6 44. Kxa4 Bd5 45. Kb4 Bf3 46. Re1 1-0

[Event "Titled Tuesday intern op 7th April"]
[Site "Chess.com INT"]
[Date "2020.04.07"]
[Round "1"]
[White "Chylewski, Patryk"]
[Black "Borges, Guilherme Deola"]
[Result "1-0"]
[WhiteElo "2344"]
[BlackElo "2134"]
[PlyCount "75"]
[EventDate "2020.04.07"]
[EventType "swiss (blitz)"]
[EventRounds "10"]
[EventCountry "USA"]
[SourceTitle "EXT 2021"]
[Source "ChessBase"]
[SourceDate "2020.10.23"]
[SourceVersion "1"]
[SourceVersionDate "2020.10.23"]
[SourceQuality "1"]

1. d4 d5 2. c4 e6 3. Nf3 Nf6 4. g3 Bb4+ 5. Nbd2 0-0 6. Bg2 c6 7. 0-0 Re8 8. b3 Nbd7 9. Bb2 Nf8 10. Re1 Ng6 11. a3 Ba5 12. b4 Bc7 13. e4 dxe4 14. Nxe4 e5 15. dxe5 Qxd1 16. Raxd1 Nxe5 17. Nxe5 Bxe5 18. Bxe5 Rxe5 19. Nxf6+ gxf6 20. Rxe5 fxe5 21. Rd8+ Kg7 22. Bh3 Bxh3 23. Rxa8 Be6 24. Rxa7 Bxc4 25. Rxb7 Bd5 26. Rc7 Kf8 27. a4 Ke8 28. a5 Kd8 29. Rb7 Bc4 30. Rb6 Kc7 31. f3 h6 32. Kf2 f6 33. Ke3 Bd5 34. b5 cxb5 35. Rxb5 Bc6 36. Rc5 Kb7 37. Rxc6 Kxc6 38. Ke4 1-0

[Event "Titled Tuesday intern op 7th April"]
[Site "Chess.com INT"]
[Date "2020.04.07"]
[Round "2"]
[White "Guimaraes, Wagner Peixoto"]
[Black "Borges, Guilherme Deola"]
[Result "1-0"]
[WhiteElo "2218"]
[BlackElo "2134"]
[PlyCount "57"]
[EventDate "2020.04.07"]
[EventType "swiss (blitz)"]
[EventRounds "10"]
[EventCountry "USA"]
[SourceTitle "EXT 2021"]
[Source "ChessBase"]
[SourceDate "2020.10.23"]
[SourceVersion "1"]
[SourceVersionDate "2020.10.23"]
[SourceQuality "1"]

1. e4 e5 2. Nf3 Nc6 3. Bc4 Nf6 4. Ng5 d5 5. exd5 Na5 6. Bb5+ c6 7. dxc6 bxc6 8. Qf3 Bd7 9. Bd3 h6 10. Ne4 Be7 11. Nbc3 Qc8 12. Nxf6+ Bxf6 13. h3 Nb7 14. Ba6 Qc7 15. Nb5 Qb8 16. Bxb7 0-0 17. Bxa8 Qxa8 18. Nc3 Re8 19. d3 Qb7 20. 0-0 Qc8 21. Bxh6 Bf5 22. Ne4 Bxe4 23. dxe4 gxh6 24. Qxf6 Qe6 25. Qxe6 Rxe6 26. Rfd1 Kg7 27. Rd7 a6 28. Rad1 Kf6 29. R1d6 1-0

[Event "Titled Tuesday intern op 7th April"]
[Site "Chess.com INT"]
[Date "2020.04.07"]
[Round "9"]
[White "Prilleltensky, Matan"]
[Black "Borges, Guilherme Deola"]
[Result "1-0"]
[WhiteElo "2136"]
[BlackElo "2134"]
[PlyCount "77"]
[EventDate "2020.04.07"]
[EventType "swiss (blitz)"]
[EventRounds "10"]
[EventCountry "USA"]
[SourceTitle "EXT 2021"]
[Source "ChessBase"]
[SourceDate "2020.10.23"]
[SourceVersion "1"]
[SourceVersionDate "2020.10.23"]
[SourceQuality "1"]

1. d4 d5 2. Nf3 e6 3. e3 Nf6 4. Bd3 c5 5. c3 Nc6 6. 0-0 Be7 7. Nbd2 Bd7 8. Ne5 0-0 9. f4 cxd4 10. exd4 Re8 11. Rf3 g6 12. Rh3 Bf8 13. g4 Bg7 14. g5 Nh5 15. Nf1 f6 16. Nxg6 hxg6 17. Bxg6 fxg5 18. Qxh5 Kf8 19. fxg5 e5 20. Rf3+ Ke7 21. Rf7+ Kd6 22. Rxg7 Rh8 23. Rh7 Rf8 24. Be3 b6 25. Ng3 Kc7 26. Rf1 Kc8 27. Rxf8 Qxf8 28. Rh8 Kb7 29. Rxf8 Rxf8 30. Bf7 exd4 31. cxd4 Nb4 32. g6 Nc2 33. g7 Rd8 34. Bxd5+ Ka6 35. Bc4+ Kb7 36. g8Q Rxg8 37. Bxg8 Nxe3 38. Qf3+ Bc6 39. Qxe3 1-0

[Event "Lisbon Portugal op"]
[Site "Lisbon"]
[Date "2020.01.27"]
[Round "4"]
[White "Borges, Guilherme Deola"]
[Black "Sabuk, Piotr"]
[Result "1/2-1/2"]
[WhiteElo "2134"]
[BlackElo "2360"]
[PlyCount "85"]
[EventDate "2020.01.25"]
[EventType "swiss"]
[EventRounds "9"]
[EventCountry "POR"]
[SourceTitle "CBM 194"]
[Source "ChessBase"]
[SourceDate "2020.01.27"]
[SourceVersion "1"]
[SourceVersionDate "2020.01.27"]
[SourceQuality "1"]

1. d4 Nf6 2. c4 e6 3. Nc3 Bb4 4. e3 0-0 5. Bd3 d5 6. Nf3 dxc4 7. Bxc4 c5 8. 0-0 Bd7 9. Qe2 Bc6 10. Rd1 Qc7 11. d5 exd5 12. Nxd5 Nxd5 13. Bxd5 Bxd5 14. Rxd5 Nd7 15. Bd2 Nf6 16. Rd3 Bxd2 17. Qxd2 Rac8 18. Rc1 Rfe8 19. h3 h6 20. Qc3 b5 21. Qc2 Qb7 22. Rcd1 Qe4 23. R3d2 Qb4 24. Qf5 a5 25. a3 Qe4 26. Qxe4 Nxe4 27. Rd7 c4 28. Ra7 Ra8 29. Rdd7 Rxa7 30. Rxa7 b4 31. axb4 axb4 32. Rc7 c3 33. bxc3 Nxc3 34. Rb7 Ra8 35. Ne5 Ra1+ 36. Kh2 Rb1 37. Rb8+ Kh7 38. Nxf7 Nd1 39. f4 Nxe3 40. g4 Kg6 41. Ne5+ Kf6 42. Rb6+ Ke7 43. Rb7+ 1/2-1/2